[Event "Helsingor Xtracon op"]
[Site "Helsingor"]
[Date "2016.07.26"]
[Round "5"]
[White "Merkesvik, Sondre"]
[Black "Palozza, Christian"]
[Result "1-0"]
[WhiteElo "2263"]
[BlackElo "2090"]
[PlyCount "99"]
[EventDate "2016.07.23"]
[EventType "swiss"]
[EventRounds "10"]
[EventCountry "DEN"]
[SourceTitle "CBM 173 Extra"]
[Source "ChessBase"]
[SourceDate "2016.08.29"]
[SourceVersion "1"]
[SourceVersionDate "2016.08.29"]
[SourceQuality "1"]

1. d4 d5 2. g3 c6 3. Bg2 e6 4. c4 f5 5. Nc3 Nf6 6. Nh3 Bd6 7. 0-0 0-0 8. Bf4 h6 9. Bxd6 Qxd6 10. c5 Qe7 11. f4 Bd7 12. b4 Be8 13. a4 Bh5 14. Rb1 Ne4 15. Nxe4 fxe4 16. Qd2 a6 17. b5 axb5 18. axb5 Be8 19. b6 Nd7 20. Ra1 Bh5 21. Rfc1 Rfd8 22. Rcb1 Nf8 23. Bf1 Qf6 24. Ra7 Rab8 25. e3 Ng6 26. Be2 Bxe2 27. Qxe2 Qe7 28. Nf2 Qf7 29. Ng4 Rf8 30. Rba1 Qe7 31. h4 Rfe8 32. h5 Nh8 33. Ne5 Qd8 34. Qg4 Nf7 35. Ng6 Nh8 36. Nh4 Qf6 37. R1a2 Nf7 38. Rf2 Red8 39. Kf1 Kh7 40. Rg2 Re8 41. Kf2 Red8 42. Ra1 Re8 43. Qh3 Qe7 44. g4 Nh8 45. g5 Rf8 46. Ng6 Nxg6 47. hxg6+ Kg8 48. gxh6 gxh6 49. Qxh6 Qg7 50. Rh1 1-0